An introduction to numerical analysis (Record no. 825)

MARC details
000 -LEADER
fixed length control field 00429 a2200169 4500
001 - CONTROL NUMBER
control field 066825
003 - CONTROL NUMBER IDENTIFIER
control field OSt
005 - DATE AND TIME OF LATEST TRANSACTION
control field 20211018104909.0
008 - FIXED-LENGTH DATA ELEMENTS--GENERAL INFORMATION
fixed length control field
082 ## - DEWEY DECIMAL CLASSIFICATION NUMBER
Classification number 518
Item number A54I
100 1# - MAIN ENTRY--PERSONAL NAME
Personal name Atkinson, Kendall E.
245 1# - TITLE STATEMENT
Title An introduction to numerical analysis
Statement of responsibility, etc by Kendall E. Atkinson
260 ## - PUBLICATION, DISTRIBUTION, ETC. (IMPRINT)
Place of publication, distribution, etc New Delhi
Name of publisher, distributor, etc Wiley
Date of publication, distribution, etc 2009
300 ## - PHYSICAL DESCRIPTION
Extent 693p.
690 ## - LOCAL SUBJECT ADDED ENTRY--TOPICAL TERM (OCLC, RLIN)
Topical term or geographic name as entry element Numerical analysis
942 ## - ADDED ENTRY ELEMENTS (KOHA)
Source of classification or shelving scheme Dewey Decimal Classification
Koha item type Books
Holdings
Withdrawn status Lost status Source of classification or shelving scheme Damaged status Not for loan Collection code Home library Current library Date acquired Source of acquisition Cost, normal purchase price Full call number Barcode Checked out Date last seen Price effective from Koha item type
    Dewey Decimal Classification     General Text Book Central University Of Rajasthan Central University Of Rajasthan 07/03/2012 MTH 399.00 518 A54I 1111 24/09/2014 02/09/2020 02/09/2020 Books